00305nam a2200121Ia 4500008004100000041000800041082001200049100001600061245004000077250001400117260004000131365001200171240624s9999 xx 000 0 und d aeng a330 SLO aSLOMAN JOHN aECONOMICS FOR BUSINESS AND CWG PACK a(5th ed.) c2010aHarlowbPearson Prentice Hall cBPSb25